000 002680000a22000970004500
100 1 _aBeale, G. K. (1949-)
245 1 0 _aThe interpretative problem of Rev. 1:19
300 _aVol. 34, Num. 4 (Octubre, 1992), Páginas 360-387
773 0 _tNovum Testamentum
942 _cANA
999 _c56834
_d56834